Car Brand by Model Quiz Stats

 Plays Quiz not verified by Sporcle

Challenge
Share
Tweet
Embed
Score 0/20 Timer 10:00
0 Plays Today
Hint Answer % Correct
CamaroChevrolet
93.2%
ExplorerFord
93.2%
WranglerJeep
88.6%
EclipseMitsubishi
75%
PanameraPorsche
75%
R8Audi
72.7%
CTSCadillac
72.7%
Abarth 500Fiat
68.2%
LeafNissan
68.2%
VenzaToyota
65.9%
Hint Answer % Correct
E 350Mercedes
65.9%
MKZLincoln
63.6%
VeyronBugatti
61.4%
Grand MarquisMercury
59.1%
ISLexus
56.8%
3Mazda
47.7%
QuattroporteMaserati
43.2%
DefenderLand Rover
40.9%
Model STesla
38.6%
CascadaOpel
15.9%

You're not logged in!

Compare scores with friends on all Sporcle quizzes.
OR
Log In

You Might Also Like...

Show Comments

Extras

Created Aug 20, 2013ReportNominate
Tags:Automobiles Quiz, brand, car, model

Top Quizzes Today


Score Distribution

Your Account Isn't Verified!

In order to create a playlist on Sporcle, you need to verify the email address you used during registration. Go to your Sporcle Settings to finish the process.

Report this User

Report this user for behavior that violates our Community Guidelines.

Details: